000 00531nam a2200181Ia 4500
005 20250326130412.0
008 250326s9999 xx 000 0 und d
037 _aTextbook
040 _aFMSL
_beng
_cFMSL
041 _aeng
_2eng
084 _aXok8:8 L1
_qFMSL
100 _aCanada J R
_9736729
245 0 _aIntermedate economic analysis for management enginering
_cCanada J R
260 _aNew Jersey
_bNew Jersey, Prentice-Hall
_c1971
300 _a430p
942 _cTB
_hXok8:8 L1
999 _c1282331
_d1282331